Alevilerin ilk siyasal denemesi (Record no. 3413)

MARC details
000 -BAŞLIK
Sabit Uzunlukta Kontrol Alanı 01006na a2200325 4500
001 - KONTROL NUMARASI
Denetim Alanı 15766
003 - KONTROL NUMARASI IDENTIFIER
Denetim Alanı MIRAKIL
005 - SON İŞLEM TARİHİ VE ZAMANI
Denetim Alanı 20181213154931.0
008 - SABİT-BOY VERİ ELEMANLARI - GENEL BİLGİLER
Sabit Uzunlukta Kontrol Alanı 161001b tu 000 0
020 ## - ULUSLARARASI STANDART KİTAP NUMARASI
Uluslararası Standart Kitap Numarası 9789751010902
035 ## - SİSTEM KONTROL NUMARASI
Sistem Kontrol Numarası 15766
040 ## - KATALOGLAMA KAYNAK
Orijinal Kataloglama Ajansı Milas
Kataloglama Dili tur
Metne Dönüştürmek Ajansı TR-AnCHP
041 ## - DİL KODU
Metin / Ses Parça Veya Ayrı Başlığın Dil Kodu tur
082 ## - DEWEY ONLU SINIFLANDIRMA NUMARASI
Sınıflandırma Numarası 324.2172
Ürün Numarası A72a 2007
090 ## - SINIFLAMA NUMARASI
Sınıflama Numarası 324.2172 A72a 2007
100 ## - ANA GİRİŞ - KİŞİSEL İSİM
Kişisel Ad Ata, Kelime
245 ## - BAŞLIK TABLOSU
Başlık Alevilerin ilk siyasal denemesi
Başlığın Kalan (Türkiye) Birlik Partisi : (1966 - 1980)
Sorumluluk Tablosu, Vb Kelime Ata
246 ## - UNVAN FORM VARYING
Başlık Doğru / Kısa Başlığı Türkiye Birlik Partisi
260 ## - YAYIN, DAĞITIM, VB
Yayın, Dağıtım, Vb Yeri Ankara
Yayıncı, Dağıtıcı, Vs Adı Kelime yayınevi
Yayın, Dağıtım, Vb Tarihi 2007
300 ## - FİZİKSEL TANIM
Kapsam 352 s.
Diğer Fiziksel Ayrıntıları fotg.
Boyutlar 20 sm.
440 ## - SERİSİ TABLOSU / KATMA GİRİŞİ - BAŞLIK
Başlık Kelime yayınevi
490 ## - SERİSİ TABLOSU
Seri Beyanı Araştırm-İnceleme dizisi
Hacim / Ardışık Tanımı 1
504 ## - KAYNAKÇA VB NOT
Kaynakça Vb Notu Kaynakça var.
610 ## - KONU KATMA GİRİŞ - TOPLANTI ADI
Giriş Elemanı Olarak Kurumsal Ad Veya Yargı Alanı Adı Türkiye Birlik Partisi (TBP)
Genel Alt Bölüm Tarih
650 ## - KONU KATMA GİRİŞ - TOPİKAL DÖNEM
Topikal Süreli Veya Coğrafi Ad Giriş Elemanı Aleviler
Genel Alt Bölümü Siyasal katılım
Kronolojik Alt Bölümü Sosyal demokrat partiler
Coğrafi Alt Bölümü Türkiye
650 ## - KONU KATMA GİRİŞ - TOPİKAL DÖNEM
Topikal Süreli Veya Coğrafi Ad Giriş Elemanı Alevilik
Genel Alt Bölümü Siyasal etkinlik
Coğrafi Alt Bölümü Türkiye
942 ## - EKLENDİ GİRİŞ ELEMANLARI (KOHA)
Sınıflandırma Veya Raf Düzeni Kaynak Dewey Decimal Classification
Koha Öğesi Türü Books
999 ## - SİSTEM KONTROL NUMARALARI (KOHA)
Koha Biblionumber 3413
Koha Biblioitemnumber 3413
657 ## - INDEX SÜRE - İŞLEVİ
-- Türkiye Birlik Partisi
657 ## - INDEX SÜRE - İŞLEVİ
-- Aleviler
-- Siyaset
Holdings
Kalıcı Konum Mevcut Konum Edinme Tarihi Edinim Kaynak Toplam Check-Out'Lar Tam Çağrı Numarası Barkod Tarih Son Görülme İtibaren Geçerli Fiyatlar Koha Öğesi Türü
CHP Kütüphanesi CHP Kütüphanesi 09/23/2016 Bağış   324.2172 A72a 2007 005602 09/23/2016 09/23/2016 Books